| 000 | 00477nam a2200181Ia 4500 | ||
|---|---|---|---|
| 005 | 20250508152517.0 | ||
| 008 | 008 250505s9999 xx 000 0 hin d | ||
| 037 | _aTextual | ||
| 040 |
_aFEDL _beng _cFEDL |
||
| 041 |
_ahin _2eng |
||
| 084 |
_aB, MUK _qFEDL |
||
| 100 | _aMadhok Balraj | ||
| 245 | 0 | _aShyama Prasad Mukherjee: Ek jivani | |
| 260 |
_aDelhi, India _bOriental Book Depot |
||
| 300 | _a305p. | ||
| 942 |
_cTEXL _hB, MUK |
||
| 999 |
_c1336900 _d1336900 |
||